[Event "XIX. DBMM Schach"]
[Site "Billerbeck"]
[Date "2019.09.08"]
[Round "7.2"]
[White "Gerighausen, Karl Heinz"]
[Black "Limbourg, Marina"]
[Result "1/2-1/2"]
[WhiteElo "1830"]
[BlackElo "2030"]
[Annotator "br"]
[PlyCount "50"]
[EventDate "2019.09.??"]
[EventType "team-swiss"]
[EventRounds "7"]
[EventCountry "GER"]
[SourceTitle "XIX. DBMM 2019"]
[Source "FV Schach e.V."]
[SourceDate "2019.09.09"]
[SourceVersion "4"]
[SourceVersionDate "2019.10.16"]
[SourceQuality "1"]
[WhiteTeam "Westf. Provinzial-Versicherung Muenster"]
[BlackTeam "Vodafone Duesseldorf"]
[WhiteTeamCountry "GER"]
[BlackTeamCountry "GER"]

1. e4 c5 2. Nf3 e6 3. c3 d5 4. exd5 Qxd5 5. d4 Nc6 6. Be3 cxd4 7. Nxd4 Nf6 8.
Nd2 Nxd4 9. Bxd4 Be7 10. Qf3 O-O 11. Bc4 Qg5 12. h4 Qg4 13. Be2 $11 Qxf3 14.
Nxf3 b6 15. Ne5 Bb7 16. f3 Nd5 17. O-O-O Rfd8 18. Bf2 Nf4 19. Bf1 Bd5 20. Be3
Ng6 21. Nxg6 hxg6 22. b3 Bf6 23. Bg5 Bxg5+ 24. hxg5 Rac8 25. Kb2 a5 1/2-1/2

[Event "XIX. DBMM Schach"]
[Site "Billerbeck"]
[Date "2019.09.08"]
[Round "7.3"]
[White "Hirschberg, Markus"]
[Black "Kuestermann, Dieter"]
[Result "1-0"]
[WhiteElo "1837"]
[BlackElo "1810"]
[Annotator "br"]
[PlyCount "67"]
[EventDate "2019.09.??"]
[EventType "team-swiss"]
[EventRounds "7"]
[EventCountry "GER"]
[SourceTitle "XIX. DBMM 2019"]
[Source "FV Schach e.V."]
[SourceDate "2019.09.09"]
[SourceVersion "4"]
[SourceVersionDate "2019.10.16"]
[SourceQuality "1"]
[WhiteTeam "Vodafone Duesseldorf"]
[BlackTeam "Westf. Provinzial-Versicherung Muenster"]
[WhiteTeamCountry "GER"]
[BlackTeamCountry "GER"]

1. e4 e5 2. d4 exd4 3. c3 Nc6 4. cxd4 d6 5. Bc4 Nf6 6. Nc3 Be7 7. Nge2 Bg4 8.
f3 Bh5 9. g4 Nxg4 10. fxg4 Bxg4 11. Qb3 O-O 12. Qxb7 Na5 13. Qb4 c5 14. Qa4
Bh4+ 15. Ng3 Rb8 16. Nd5 Re8 17. Bd3 Bf3 18. O-O Bg4 19. Bd2 Bxg3 20. hxg3 Nb7
21. Rf4 Bd7 22. Qd1 cxd4 23. Qh5 Re5 24. Qxf7+ Kh8 25. Raf1 Re8 26. Nc7 Rg8 27.
e5 Qg5 28. Be1 Nc5 29. Bxh7 Rgf8 30. Qg6 Qxg6 31. Bxg6 Rxf4 32. Rxf4 dxe5 33.
Rf7 Rxb2 34. Rf8# 1-0

[Event "XIX. DBMM Schach"]
[Site "Billerbeck"]
[Date "2019.09.08"]
[Round "7.4"]
[White "Keller, Hansjuergen"]
[Black "Hauck, Michael"]
[Result "1/2-1/2"]
[WhiteElo "1753"]
[BlackElo "1723"]
[Annotator "br"]
[PlyCount "71"]
[EventDate "2019.09.??"]
[EventType "team-swiss"]
[EventRounds "7"]
[EventCountry "GER"]
[SourceTitle "XIX. DBMM 2019"]
[Source "FV Schach e.V."]
[SourceDate "2019.09.09"]
[SourceVersion "4"]
[SourceVersionDate "2019.10.16"]
[SourceQuality "1"]
[WhiteTeam "Westf. Provinzial-Versicherung Muenster"]
[BlackTeam "Vodafone Duesseldorf"]
[WhiteTeamCountry "GER"]
[BlackTeamCountry "GER"]

1. d4 Nf6 2. Bf4 d6 3. e3 g6 4. c4 Bg7 5. Nc3 O-O 6. Nf3 Re8 7. Be2 c6 8. h3
Nbd7 9. O-O Nf8 10. Qb3 b6 11. Rfd1 N6d7 12. Rac1 e5 13. dxe5 dxe5 14. Bg3 Qe7
15. Ne4 Rd8 16. Bh4 f6 17. c5+ Kh8 18. cxb6 axb6 19. Nd6 Ne6 20. Rxc6 Ndc5 21.
Qxb6 g5 22. Bg3 Ba6 23. Bxa6 Rxa6 24. Nf7+ Kg8 25. Rxd8+ Kxf7 26. Rxe6 Rxb6 27.
Rxe7+ Kxe7 28. Rc8 Ne4 29. b3 h5 30. Rc2 h4 31. Bh2 Rd6 32. g4 Rd1+ 33. Kg2 Kd6
34. Ng1 Bf8 35. f4 Kd5 36. fxg5 1/2-1/2

[Event "XIX. DBMM Schach"]
[Site "Billerbeck"]
[Date "2019.09.08"]
[Round "7.1"]
[White "Marten, Gero"]
[Black "Piepenburg, Rolf"]
[Result "1/2-1/2"]
[WhiteElo "2008"]
[BlackElo "1995"]
[Annotator "br"]
[PlyCount "30"]
[EventDate "2019.09.??"]
[EventType "team-swiss"]
[EventRounds "7"]
[EventCountry "GER"]
[SourceTitle "XIX. DBMM 2019"]
[Source "FV Schach e.V."]
[SourceDate "2019.09.09"]
[SourceVersion "4"]
[SourceVersionDate "2019.10.16"]
[SourceQuality "1"]
[WhiteTeam "Sparkassen-Vers. Stuttgart"]
[BlackTeam "Commerzbank Frankfurt"]
[WhiteTeamCountry "GER"]
[BlackTeamCountry "GER"]

1. Nf3 d5 2. g3 Nf6 3. Bg2 c6 4. O-O Bf5 5. d3 e6 6. Nbd2 h6 7. Qe1 Be7 8. e4
Bh7 9. Qe2 O-O 10. b3 a5 11. a4 Na6 12. e5 Nd7 13. Nd4 c5 14. Nb5 Nb4 15. Nf3
Qb6 1/2-1/2

[Event "XIX. DBMM Schach"]
[Site "Billerbeck"]
[Date "2019.09.08"]
[Round "7.2"]
[White "Heuermann, Heinz Burkhard"]
[Black "Lau, Peter"]
[Result "1/2-1/2"]
[WhiteElo "1982"]
[BlackElo "1701"]
[Annotator "br"]
[PlyCount "114"]
[EventDate "2019.09.??"]
[EventType "team-swiss"]
[EventRounds "7"]
[EventCountry "GER"]
[SourceTitle "XIX. DBMM 2019"]
[Source "FV Schach e.V."]
[SourceDate "2019.09.09"]
[SourceVersion "4"]
[SourceVersionDate "2019.10.16"]
[SourceQuality "1"]
[WhiteTeam "Commerzbank Frankfurt"]
[BlackTeam "Sparkassen-Vers. Stuttgart"]
[WhiteTeamCountry "GER"]
[BlackTeamCountry "GER"]

{[%evp 0,40,28,34,21,-19,41,37,54,43,60,30,40,42,48,-2,-2,-2,6,-2,-20,-22,24,
-34,-22,-40,-15,-15,-19,-24,-13,-18,19,29,76,4,4,-42,-29,-55,-44,-85,-57]} 1.
Nf3 f5 2. e4 fxe4 3. Ng5 Nf6 4. d3 d6 5. Nxe4 e5 6. Nbd2 Be7 7. Nxf6+ Bxf6 8.
Ne4 O-O 9. Be2 Nc6 10. c3 Kh8 11. Be3 Bf5 12. Nxf6 Qxf6 13. Qd2 Qf7 14. O-O Ne7
15. c4 Qg6 16. Rfd1 Bh3 17. Bf1 Nf5 18. Kh1 Nxe3 19. Qxe3 Bd7 $11 20. d4 exd4
21. Qxd4 Qf6 22. Kg1 Bc6 23. Qxf6 Rxf6 24. Re1 Raf8 25. f3 Kg8 26. Rac1 Re8 27.
c5 Rxe1 28. Rxe1 Kf8 29. cxd6 Rxd6 30. Kf2 Rd2+ 31. Re2 Rxe2+ 32. Bxe2 Bd5 33.
a3 Ke7 34. Ke3 Kd6 35. g4 c5 36. h4 a6 37. Bd3 h6 38. f4 b5 39. g5 c4 40. Bc2
a5 41. Kd4 b4 42. axb4 axb4 43. Bf5 hxg5 44. fxg5 Bf7 45. g6 Bd5 46. h5 c3 47.
bxc3 bxc3 48. Kxc3 Ke5 49. Bg4 Kf6 50. Kd4 Ba2 51. Ke4 Kg5 52. Be2 Kh6 53. Ke5
Bb3 54. Kd6 Ba2 55. Ke7 Bb3 56. Bg4 Ba2 57. Kf8 Bb3 1/2-1/2

[Event "XIX. DBMM Schach"]
[Site "Billerbeck"]
[Date "2019.09.08"]
[Round "7.3"]
[White "Wirth, Volker"]
[Black "Huebner, Detlef"]
[Result "1/2-1/2"]
[WhiteElo "1759"]
[BlackElo "1494"]
[Annotator "br"]
[PlyCount "40"]
[EventDate "2019.09.??"]
[EventType "team-swiss"]
[EventRounds "7"]
[EventCountry "GER"]
[SourceTitle "XIX. DBMM 2019"]
[Source "FV Schach e.V."]
[SourceDate "2019.09.09"]
[SourceVersion "4"]
[SourceVersionDate "2019.10.16"]
[SourceQuality "1"]
[WhiteTeam "Sparkassen-Vers. Stuttgart"]
[BlackTeam "Commerzbank Frankfurt"]
[WhiteTeamCountry "GER"]
[BlackTeamCountry "GER"]

1. d4 Nf6 2. c4 g6 3. Nc3 d5 4. Nf3 Bg7 5. Bg5 c6 6. e3 Ne4 7. Nxe4 dxe4 8. Nd2
Qa5 9. Bf4 e5 10. dxe5 Bxe5 11. Bxe5 Qxe5 12. Qc2 Bf5 13. Be2 h5 14. O-O Nd7
15. b4 b6 16. Rfd1 Nf6 17. Qa4 Bd7 18. b5 c5 19. Nf1 h4 20. Qc2 O-O 1/2-1/2

[Event "XIX. DBMM Schach"]
[Site "Billerbeck"]
[Date "2019.09.08"]
[Round "7.4"]
[White "Klowski, Bjoern Sigurd"]
[Black "Brethauer, Tim"]
[Result "1-0"]
[WhiteElo "1624"]
[BlackElo "1641"]
[Annotator "bsk"]
[PlyCount "89"]
[EventDate "2019.09.??"]
[EventType "team-swiss"]
[EventRounds "7"]
[EventCountry "GER"]
[SourceTitle "XIX. DBMM 2019"]
[Source "FV Schach e.V."]
[SourceDate "2019.09.09"]
[SourceVersion "4"]
[SourceVersionDate "2019.10.16"]
[SourceQuality "1"]
[WhiteTeam "Commerzbank Frankfurt"]
[BlackTeam "Sparkassen-Vers. Stuttgart"]
[WhiteTeamCountry "GER"]
[BlackTeamCountry "GER"]

1. e4 e6 2. d4 d5 3. Nd2 c5 4. c3 cxd4 5. cxd4 dxe4 6. Nxe4 Bb4+ 7. Nc3 Nf6 8.
Bd3 Nc6 9. Nf3 O-O 10. O-O Re8 11. Bg5 Bd7 12. Bc2 Be7 13. a3 Rc8 14. Qd3 g6
15. Nb5 a6 16. Bxf6 axb5 17. Bxe7 Nxe7 18. Rac1 Bc6 19. Rfe1 Bxf3 20. gxf3 Rc4
21. Bb3 Rxc1 22. Rxc1 Qb6 23. Rc5 Rd8 24. Qxb5 Qxb5 25. Rxb5 Rxd4 26. Rxb7 Nd5
27. Rd7 Rd2 28. Bxd5 exd5 29. b4 Ra2 30. b5 Rxa3 31. b6 Rb3 32. b7 Kg7 33. Kf1
d4 34. Ke2 d3+ 35. Kd2 Kf6 36. h3 Kg7 37. Ke3 d2+ 38. Kxd2 Rb2+ 39. Kc3 Rb6 40.
Kc4 Rb2 41. Kc5 Kf6 42. Rd6+ Ke7 43. Rb6 Rc2+ 44. Kd4 Rd2+ 45. Ke3 1-0

[Event "XIX. DBMM Schach"]
[Site "Billerbeck"]
[Date "2019.09.08"]
[Round "7.1"]
[White "Kludszuweit, Kim Ira"]
[Black "Jacobsen, Ruediger"]
[Result "1/2-1/2"]
[WhiteElo "1665"]
[BlackElo "1433"]
[Annotator "br"]
[PlyCount "42"]
[EventDate "2019.09.??"]
[EventType "team-swiss"]
[EventRounds "7"]
[EventCountry "GER"]
[SourceTitle "XIX. DBMM 2019"]
[Source "FV Schach e.V."]
[SourceDate "2019.09.09"]
[SourceVersion "4"]
[SourceVersionDate "2019.10.16"]
[SourceQuality "1"]
[WhiteTeam "Vodafone Duesseldorf II"]
[BlackTeam "SG Airbus Bremen"]
[WhiteTeamCountry "GER"]
[BlackTeamCountry "GER"]

1. c4 Nf6 2. d4 g6 3. Nc3 Bg7 4. Nf3 d6 5. e3 O-O 6. Be2 c5 7. O-O Nbd7 8. b3
Nb6 9. Bb2 Bd7 10. Qc2 Qc7 11. d5 e6 12. e4 exd5 13. exd5 Rae8 14. Bd3 Bg4 15.
Ng5 a6 16. f3 Bc8 17. Nce4 Nxe4 18. Nxe4 f5 19. Bxg7 fxe4 20. Bxf8 exd3 21.
Qxd3 Kxf8 1/2-1/2

[Event "XIX. DBMM Schach"]
[Site "Billerbeck"]
[Date "2019.09.08"]
[Round "7.2"]
[White "Mikoteit, Siegfried"]
[Black "Baader, Matthieu"]
[Result "1-0"]
[WhiteElo "1314"]
[BlackElo "1420"]
[Annotator "br"]
[PlyCount "56"]
[EventDate "2019.09.??"]
[EventType "team-swiss"]
[EventRounds "7"]
[EventCountry "GER"]
[SourceTitle "XIX. DBMM 2019"]
[Source "FV Schach e.V."]
[SourceDate "2019.09.09"]
[SourceVersion "4"]
[SourceVersionDate "2019.10.16"]
[SourceQuality "1"]
[WhiteTeam "SG Airbus Bremen"]
[BlackTeam "Vodafone Duesseldorf II"]
[WhiteTeamCountry "GER"]
[BlackTeamCountry "GER"]

1. e4 c5 2. Nf3 Nc6 3. d4 cxd4 4. Nxd4 e6 5. a3 h6 6. Bc4 Bc5 7. Be3 Bb6 8.
Nxc6 bxc6 9. Bxb6 axb6 10. Nc3 b5 11. Bd3 e5 12. O-O Ne7 13. b4 d5 14. exd5
Nxd5 15. Nxd5 Qxd5 16. Re1 O-O 17. Be4 Qxd1 18. Raxd1 Ra6 19. Rd6 Bb7 20. f3
Re8 21. Kf2 f6 22. Rd7 Ra7 23. Bg6 Kf8 24. Rf7+ Kg8 25. Rd1 Rea8 26. Rdd7 Rxa3
27. Rxg7+ Kh8 28. Rxb7 Rg8 1-0

[Event "XIX. DBMM Schach"]
[Site "Billerbeck"]
[Date "2019.09.08"]
[Round "7.1"]
[White "Warnest, Stefan"]
[Black "Bollmann, Laslo"]
[Result "1/2-1/2"]
[WhiteElo "1601"]
[BlackElo "1848"]
[Annotator "sw"]
[PlyCount "40"]
[EventDate "2019.09.??"]
[EventType "team-swiss"]
[EventRounds "7"]
[EventCountry "GER"]
[SourceTitle "XIX. DBMM 2019"]
[Source "FV Schach e.V."]
[SourceDate "2019.09.09"]
[SourceVersion "4"]
[SourceVersionDate "2019.10.16"]
[SourceQuality "1"]
[WhiteTeam "BA Tempelhof Berlin II"]
[BlackTeam "AGI Frankfurt II"]
[WhiteTeamCountry "GER"]
[BlackTeamCountry "GER"]

1. e4 e6 2. d4 d5 3. e5 c5 4. c3 Qb6 5. Nf3 Nc6 6. a3 c4 7. Be2 f6 8. O-O fxe5
9. Nxe5 Nxe5 10. dxe5 Bc5 11. Nd2 Bd7 12. b4 cxb3 13. Qxb3 Ne7 14. Qxb6 Bxb6
15. Nf3 O-O 16. a4 Rac8 17. Ba3 Bc5 18. Bb5 Bxb5 19. axb5 Ng6 20. Nd4 Bxa3
1/2-1/2

[Event "XIX. DBMM Schach"]
[Site "Billerbeck"]
[Date "2019.09.08"]
[Round "7.3"]
[White "Meseck, Michael"]
[Black "Baumann, Christoph"]
[Result "1-0"]
[WhiteElo "1593"]
[BlackElo "1093"]
[Annotator "br"]
[PlyCount "115"]
[EventDate "2019.09.??"]
[EventType "team-swiss"]
[EventRounds "7"]
[EventCountry "GER"]
[SourceTitle "XIX. DBMM 2019"]
[Source "FV Schach e.V."]
[SourceDate "2019.09.09"]
[SourceVersion "4"]
[SourceVersionDate "2019.10.16"]
[SourceQuality "1"]
[WhiteTeam "BA Tempelhof Berlin II"]
[BlackTeam "AGI Frankfurt II"]
[WhiteTeamCountry "GER"]
[BlackTeamCountry "GER"]

1. d4 d5 2. c4 Nf6 3. Nc3 e6 4. cxd5 Nxd5 5. Nxd5 exd5 6. Nf3 Be6 7. Bf4 Bb4+
8. Bd2 Nc6 9. a3 Ba5 10. b4 Bb6 11. Bg5 Qd7 12. e3 O-O 13. Be2 a6 14. O-O Rfe8
15. Rc1 Bf5 16. Bf4 Rac8 17. Nh4 Ne7 18. Nxf5 Nxf5 19. Bg4 c6 20. Qd3 g6 21.
Rfe1 Re7 22. Bg5 Ree8 23. Rcd1 Kg7 24. Qe2 f6 25. Bf4 Bc7 26. Bxc7 Rxc7 27. g3
h5 28. Bh3 Qf7 29. Bxf5 gxf5 30. Qf3 Qg6 31. Qf4 Rce7 32. Kh1 Qg5 $11 33. Qf3
Qg4 34. Qg2 f4 35. h3 f3 36. Qh2 Qf5 37. Rc1 Kf7 38. h4 Qg4 39. Rb1 b5 40. Rbc1
Rc7 41. Rc3 Rec8 $11 42. Rec1 Ke7 43. Kg1 Kd6 44. Qh1 f5 45. Rd3 Re8 46. Kh2 f4
47. exf4 Re2 48. Qxf3 Qxf3 49. Rxf3 Rce7 50. f5 R7e3 51. Rxe3 Rxf2+ 52. Kh3 Rd2
53. Rf1 Rxd4 54. f6 Re4 55. Ref3 Re8 56. f7 Rf8 57. Re1 d4 58. Re8 1-0

[Event "XIX. DBMM Schach"]
[Site "Billerbeck"]
[Date "2019.09.08"]
[Round "7.4"]
[White "Hoffmann, Frank"]
[Black "Mahler, Sonja"]
[Result "1-0"]
[WhiteElo "1494"]
[BlackElo "1428"]
[Annotator "br"]
[PlyCount "49"]
[EventDate "2019.09.??"]
[EventType "team-swiss"]
[EventRounds "7"]
[EventCountry "GER"]
[SourceTitle "XIX. DBMM 2019"]
[Source "FV Schach e.V."]
[SourceDate "2019.09.09"]
[SourceVersion "4"]
[SourceVersionDate "2019.10.16"]
[SourceQuality "1"]
[WhiteTeam "AGI Frankfurt II"]
[BlackTeam "BA Tempelhof Berlin II"]
[WhiteTeamCountry "GER"]
[BlackTeamCountry "GER"]

1. e4 c6 2. d4 d6 3. Nf3 Qc7 4. Nc3 e5 5. dxe5 dxe5 6. Bd3 h6 7. O-O Nf6 8. a3
Be7 9. h3 Be6 10. Be3 Nh7 11. Qe2 Qc8 12. Kh2 Bf6 13. Bc4 Bd7 14. Ng1 g5 15. g4
Nf8 16. Qf3 Qd8 17. Nce2 Ng6 18. Ng3 Nh4 19. Qe2 Ng6 20. Nf5 Nf4 21. Qd2 h5 22.
f3 hxg4 23. fxg4 Na6 $11 24. Nd6+ Kf8 25. Nxf7 1-0

[Event "XIX. DBMM Schach"]
[Site "Billerbeck"]
[Date "2019.09.08"]
[Round "7.1"]
[White "Hartmann, Jens"]
[Black "Floeter, Volker"]
[Result "1/2-1/2"]
[WhiteElo "1799"]
[BlackElo "1655"]
[Annotator "br"]
[PlyCount "85"]
[EventDate "2019.09.??"]
[EventType "team-swiss"]
[EventRounds "7"]
[EventCountry "GER"]
[SourceTitle "XIX. DBMM 2019"]
[Source "FV Schach e.V."]
[SourceDate "2019.09.09"]
[SourceVersion "4"]
[SourceVersionDate "2019.10.16"]
[SourceQuality "1"]
[WhiteTeam "Baubehoerde Hamburg II"]
[BlackTeam "abatec Billerbeck"]
[WhiteTeamCountry "GER"]
[BlackTeamCountry "GER"]

1. e4 Nc6 2. d4 d5 3. e5 Bf5 4. Nf3 e6 5. Bd3 Nge7 6. Bg5 Bxd3 7. Qxd3 h6 8.
Bh4 Qd7 9. Nbd2 O-O-O 10. c3 g5 11. Bg3 Nf5 12. Nb3 Be7 13. Nfd2 h5 $11 14. f3
Kb8 15. O-O-O Rdg8 16. Bf2 g4 17. g3 h4 18. f4 Qc8 19. Kb1 a6 20. Rc1 hxg3 21.
hxg3 Rg7 22. Qe2 Qg8 23. Rxh8 Qxh8 24. Rg1 Qh7 25. Ka1 Qg8 26. a3 Rh7 27. Ka2
Rh2 28. Nf1 Rh3 29. Nc1 Na5 30. b3 Qf8 31. Nd3 Qg8 32. Ne3 Nxe3 33. Bxe3 Qg6
34. Bc1 Qh7 35. Rg2 Rh1 $11 36. Be3 Qe4 37. Ne1 b5 38. Nc2 Ka7 39. Kb2 Nb7 40.
Rf2 Qf5 41. Rf1 Rxf1 42. Qxf1 Na5 43. Qe2 1/2-1/2

[Event "XIX. DBMM Schach"]
[Site "Billerbeck"]
[Date "2019.09.08"]
[Round "7.2"]
[White "Stegemann, Sven"]
[Black "Hoffeins, Hans Werner"]
[Result "0-1"]
[WhiteElo "1586"]
[BlackElo "1565"]
[Annotator "sst"]
[PlyCount "106"]
[EventDate "2019.09.??"]
[EventType "team-swiss"]
[EventRounds "7"]
[EventCountry "GER"]
[SourceTitle "XIX. DBMM 2019"]
[Source "FV Schach e.V."]
[SourceDate "2019.09.09"]
[SourceVersion "4"]
[SourceVersionDate "2019.10.16"]
[SourceQuality "1"]
[WhiteTeam "abatec Billerbeck"]
[BlackTeam "Baubehoerde Hamburg II"]
[WhiteTeamCountry "GER"]
[BlackTeamCountry "GER"]

1. e4 e5 2. Nf3 d6 3. d4 exd4 4. Nxd4 Nf6 5. Nc3 Nc6 6. Nxc6 bxc6 7. e5 Qe7 8.
Qd4 Qxe5+ 9. Qxe5+ dxe5 10. Bd3 Bd6 11. O-O O-O 12. Ne4 Nxe4 13. Bxe4 Bd7 14.
Be3 f5 15. Bd3 Be6 16. b3 a5 17. Rab1 f4 18. Bd2 Bf5 19. Bxf5 Rxf5 20. Rfe1 Kf7
21. c4 Bb4 22. Rbd1 Re8 23. f3 Bc5+ 24. Kf1 Bb4 25. Re2 Rf6 26. Bxb4 axb4 27.
Rd7+ Re7 28. Rxe7+ Kxe7 29. Rxe5+ Kd6 30. Re4 g5 31. Ke2 Re6 {Schwarz bietet
Remis.} 32. Kd3 c5 33. Rxe6+ Kxe6 34. Ke4 h6 35. g3 fxg3 36. hxg3 h5 37. f4
gxf4 38. Kxf4 {Weiß bietet Remis.} Kf6 39. Ke4 Kg5 40. Kd5 Kg4 41. Kxc5 Kxg3
42. Kxb4 h4 43. Kc5 h3 44. Kc6 h2 45. Kxc7 h1=Q 46. c5 Kf4 47. c6 Ke5 48. b4
Qb1 49. a3 Qd3 50. a4 Qd6+ 51. Kb7 Qxb4+ 52. Kc8 Kd6 53. c7 Qb6 0-1

[Event "XIX. DBMM Schach"]
[Site "Billerbeck"]
[Date "2019.09.08"]
[Round "7.3"]
[White "Lindemann, Thomas"]
[Black "Broeker, Martin"]
[Result "0-1"]
[WhiteElo "1537"]
[BlackElo "1553"]
[Annotator "br"]
[PlyCount "41"]
[EventDate "2019.09.??"]
[EventType "team-swiss"]
[EventRounds "7"]
[EventCountry "GER"]
[SourceTitle "XIX. DBMM 2019"]
[Source "FV Schach e.V."]
[SourceDate "2019.09.09"]
[SourceVersion "4"]
[SourceVersionDate "2019.10.16"]
[SourceQuality "1"]
[WhiteTeam "Baubehoerde Hamburg II"]
[BlackTeam "abatec Billerbeck"]
[WhiteTeamCountry "GER"]
[BlackTeamCountry "GER"]

1. c4 Nf6 2. d4 e6 3. Bd2 d5 4. b3 b6 5. Nf3 Bb7 6. e3 Ne4 7. Be2 Bd6 8. O-O
O-O 9. Be1 Nd7 10. Kh1 f5 11. Ng1 Qh4 12. Nf3 Qh6 13. h3 g5 14. Ne5 Nxe5 15.
dxe5 Bxe5 16. f3 Bxa1 17. fxe4 fxe4 18. Bg3 Rxf1+ 19. Bxf1 c5 20. Qg4 Bg7 21.
Nc3 0-1

[Event "XIX. DBMM Schach"]
[Site "Billerbeck"]
[Date "2019.09.08"]
[Round "7.4"]
[White "Bechtloff, Horst"]
[Black "Hein, Andrea"]
[Result "1/2-1/2"]
[WhiteElo "1545"]
[BlackElo "1457"]
[Annotator "br"]
[PlyCount "106"]
[EventDate "2019.09.??"]
[EventType "team-swiss"]
[EventRounds "7"]
[EventCountry "GER"]
[SourceTitle "XIX. DBMM 2019"]
[Source "FV Schach e.V."]
[SourceDate "2019.09.09"]
[SourceVersion "4"]
[SourceVersionDate "2019.10.16"]
[SourceQuality "1"]
[WhiteTeam "abatec Billerbeck"]
[BlackTeam "Baubehoerde Hamburg II"]
[WhiteTeamCountry "GER"]
[BlackTeamCountry "GER"]

1. d4 d5 2. Nf3 Nc6 3. Bf4 e6 4. e3 Nf6 5. c4 h6 6. h3 Be7 7. Nc3 Bb4 8. Qc2
O-O 9. a3 Bxc3+ 10. Qxc3 Ne4 11. Qc2 Nf6 12. b4 a6 13. Bd3 Ne7 14. O-O Nf5 15.
Rfc1 dxc4 16. Qxc4 c6 17. Bh2 Qd5 18. Qc5 Qxc5 19. Rxc5 Rd8 20. a4 Bd7 21. Rb1
Rdc8 22. a5 Ne7 23. e4 Nh7 24. Ne5 Be8 25. f4 f5 26. Rf1 fxe4 27. Bxe4 Nf5 28.
Nf3 Nf6 29. Bxf5 exf5 30. Rxf5 Nd5 31. Re1 Nxb4 32. Re7 Rab8 33. Re1 Nd5 34.
Rfe5 Nf6 35. f5 Rd8 36. Re7 Ra8 37. Rxb7 Rd5 38. Re5 Kf8 39. g4 Rb5 40. Ree7
Rxb7 41. Rxb7 Nd5 42. Bd6+ Kg8 43. Be5 Nf6 44. h4 Bf7 45. g5 hxg5 46. hxg5 Nh5
47. Kf2 Bd5 48. f6 gxf6 49. gxf6 Rf8 50. Ke3 Nxf6 51. Bxf6 Rxf6 52. Ne5 Re6 53.
Kd3 Rh6 1/2-1/2